The duty and interest of a people, among whom religion has been planted, to continue stedfast and sincere in the profession and practice of it. From generation to generation : With directions for such as are concerned to obtain a true repentance and conversion to God.--Preach'd at a time of general awakenings. By William Williams, M.A. Pastor of the church in Hatfield. To which is added, part of a large letter from the Rev. Mr. Jonathan Edwards of Northampton. Giving an account of the late wonderful work of God in those parts. Psalm 145. 4. Isa. 38. 19.

Bibliographic Details
Main Author: Williams, William, 1665-1741
Corporate Author: Gale (Firm)
Other Authors: Kneeland, Samuel, 1697-1769 (Printer), Green, Timothy, 1703-1763 (Printer), Edwards, Jonathan, 1703-1758
Format: eBook
Language:English
Subjects:
Online Access:Connect to the full text of this electronic book

MARC

Tag First Indicator Second Indicator Subfields
LEADER 00000cam a2200000 4500
001 in00003880821
005 20190415193147.0
006 m o d
007 cr |n||||||||n
008 840131s1736 xxu|||| o 00| | eng c
035 |a (CU-RivES)W38238 
035 |a (Uk-ES)006464042 
035 |a (OCoLC)511284945 
040 |a MWA  |c MWA  |d CU-RivES  |d CStRLIN  |d Cengage Gale  |d UtOrBLW 
050 4 |a Z1215  |b .W555 1736 
100 1 |a Williams, William,  |d 1665-1741.  |0 http://id.loc.gov/authorities/names/n79062769 
245 1 4 |a The duty and interest of a people, among whom religion has been planted, to continue stedfast and sincere in the profession and practice of it. From generation to generation :  |b With directions for such as are concerned to obtain a true repentance and conversion to God.--Preach'd at a time of general awakenings. By William Williams, M.A. Pastor of the church in Hatfield. To which is added, part of a large letter from the Rev. Mr. Jonathan Edwards of Northampton. Giving an account of the late wonderful work of God in those parts. Psalm 145. 4. Isa. 38. 19. 
264 3 |a Boston, N.E. :  |b Printed and sold by S. Kneeland and T. Green, over against the prison in Queenstreet,  |c M,DCC,XXXVI. [1736] 
300 |a 1 online resource (2 unnumbered pages, viii, 120, 2 unnumbered pages, 38, 19, 1 unnumbered pages)  
336 |a text  |b txt  |2 rdacontent 
337 |a computer  |b c  |2 rdamedia 
338 |a online resource  |b cr  |2 rdacarrier 
500 |a "Directions to such as are concern'd to obtain a true conversion unto God, with the Scripture characters of it. In a discourse on Jer. 4. 1. Preach'd at a time of extraordinary awakenings. By William Williams, M.A. .."--[2], 38 pages, with separate title page. 
500 |a Proposal for printing Edwards's Late wonderful work of God, pages 19, last count. 
509 |a Signatures: pi1 A⁴ B-H⁸ I⁴ K-L⁸ M-O⁴ P² (P2 verso blank) 
510 4 |a Evans,  |c 4103 
510 4 |a English Short Title Catalog,  |c W38238. 
500 |a Reproduction of original from Boston Public Library. 
500 |a Electronic resource. 
650 0 |a Great Awakening.  |0 http://id.loc.gov/authorities/subjects/sh85056598 
650 0 |a Conversion.  |0 http://id.loc.gov/authorities/subjects/sh85031702 
651 0 |a Northampton (Mass.)  |x Church history. 
655 7 |a Electronic books.  |2 local 
655 7 |a Prospectuses.  |2 rbgenr 
655 7 |a Sermons  |y 1736.  |2 rbgenr 
700 1 |a Kneeland, Samuel,  |d 1697-1769,  |e printer.  |0 http://id.loc.gov/authorities/names/n85316947 
700 1 |a Green, Timothy,  |d 1703-1763,  |e printer.  |0 http://id.loc.gov/authorities/names/n88144010 
700 1 |a Williams, William,  |d 1665-1741.  |t Directions to such as are concern'd to obtain a true conversion unto God. 
700 1 |a Edwards, Jonathan,  |d 1703-1758.  |t Late wonderful work of God in the county of Hampshire.  |k Selections. 
710 2 |a Gale (Firm)  |0 http://id.loc.gov/authorities/names/no2008071348 
740 0 |a Duty and interest of a people, among whom religion has been planted. 
752 |a United States  |b Massachusetts  |d Boston. 
856 4 0 |u http://proxy.library.tamu.edu/login?url=http://find.galegroup.com/ecco/infomark.do?contentSet=ECCOArticles&docType=ECCOArticles&bookId=1558300400&type=getFullCitation&tabID=T001&prodId=ECCO&docLevel=TEXT_GRAPHICS&version=1.0&source=library&userGroupName=txshracd2898  |z Connect to the full text of this electronic book  |t 0 
999 f f |s e78fe227-da44-3671-95d7-c37656da4c2e  |i c4f86168-3039-3c89-8dc3-4d5fb64e9903  |t 0 
952 f f |a Texas A&M University  |b College Station  |c Electronic Resources  |d Available Online  |t 0  |e Z1215 .W555 1736  |h Library of Congress classification 
998 f f |a Z1215 .W555 1736  |t 0  |l Available Online